Statistics for How many Metro-North stations can you name?

Click here to take the quiz!

General Stats

  • This quiz has been taken 6 times
  • The average score is 30 of 124

Answer Stats

Answer% Correct
Grand Central
100%
Greenwich
100%
New Rochelle
100%
Scarsdale
100%
White Plains
100%
Yonkers
100%
Bridgeport
80%
Danbury
80%
Harlem-125th St
80%
New Haven-State St
80%
New Haven-Union Station
80%
Rye
80%
Stamford
80%
Tarrytown
80%
Waterbury
80%
Fairfield
60%
New Canaan
60%
Poughkeepsie
60%
Westport
60%
Chappaqua
40%
Cos Cob
40%
Crestwood
40%
Croton-Harmon
40%
Darien
40%
Fordham
40%
Hastings-on-Hudson
40%
Irvington
40%
Katonah
40%
Larchmont
40%
Marble Hill
40%
Mount Vernon East
40%
Mount Vernon West
40%
North White Plains
40%
Old Greenwich
40%
Pelham
40%
Port Jervis
40%
Riverside
40%
Suffern
40%
Ansonia
20%
Beacon
20%
Beacon Falls
20%
Bedford Hills
20%
Bethel
20%
Brewster
20%
Bronxville
20%
Dobbs Ferry
20%
East Norwalk
20%
Fairfield Metro
20%
Fleetwood
20%
Garrison
20%
Greystone
20%
Harrison
20%
Hartsdale
20%
Highbridge (Employee Stop)
20%
Mamaroneck
20%
Manitou
20%
Melrose
20%
Merritt 7
20%
Middletown-Town of Walkill
20%
Nanuet
20%
Ossining
20%
Pawling
20%
Peekskill
20%
Port Chester
20%
Riverdale
20%
Southeast
20%
South Norwalk
20%
Stratford
20%
Tuckahoe
20%
Wassaic
20%
Wilton
20%
Appalachian Trail
0%
Ardsley-on-Hudson
0%
Botanical Gardens
0%
Branchville
0%
Breakneck Ridge
0%
Campbell Hall
0%
Cannondale
0%
Cold Spring
0%
Cortlandt
0%
Croton Falls
0%
Derby-Shelton
0%
Dover Plains
0%
Glenbrook
0%
Glenwood
0%
Golden's Bridge
0%
Green's Farms
0%
Harlem Valley-Wingdale
0%
Harriman
0%
Hawthorne
0%
Ludlow
0%
Milford
0%
Morris Heights
0%
Mount Kisco
0%
Mount Pleasant
0%
Naugatuck
0%
New Hamburg
0%
Noroton Heights
0%
Otisville
0%
Patterson
0%
Pearl River
0%
Philipse Manor
0%
Pleasantville
0%
Purdy's
0%
Redding
0%
Rowayton
0%
Salisbury Mills-Cornwall
0%
Scarborough
0%
Seymour
0%
Sloatsburg
0%
Southport
0%
Springdale
0%
Spring Valley
0%
Sputen Duyvil
0%
Talmadge Hill
0%
Tenmile River
0%
Tremont
0%
Tuxedo
0%
University Heights
0%
Valhalla
0%
Wakefield
0%
Williams Bridge
0%
Woodlawn
0%
Yankees-E 153rd St
0%

Score Distribution

Percentile by Number Answered

Percent of People with Each Score

Your Score History

You have not taken this quiz